| 000 | nam a22 a 4500 | ||
|---|---|---|---|
| 999 |
_c1370 _d1370 |
||
| 003 | AKMAL | ||
| 005 | 20170509120850.0 | ||
| 008 | 170509s1990 -us 00 eng d | ||
| 020 |
_a0803925900: _cfree |
||
| 040 |
_aAKMAL _cAKMAL |
||
| 082 | 0 | 4 | _a301.01 COO |
| 090 |
_a301.01 _bSOC |
||
| 245 | 0 | 0 |
_aSocial exchange theory / _cedited by Karen S. Cook |
| 260 |
_aNewbury Park, CA ; _aLondon : _bSAGE Publications, _c1990 |
||
| 300 |
_a248p. : _bill. ; _c22cm |
||
| 504 | _aBibliography: p.239-246 | ||
| 650 |
_aExchange theory (Sociology) _92696 |
||
| 650 |
_aSocial exchange _92697 |
||
| 700 | 1 |
_aCook, Karen S. _92698 |
|
| 942 |
_2ddc _cBOOK |
||